[Event "Lloyds Bank op 16th"]
[Site "London"]
[Date "1992.??.??"]
[Round "?"]
[White "Speelman, Jonathan S"]
[Black "Levitt, Jonathan"]
[Result "1-0"]
[WhiteElo "2590"]
[BlackElo "2455"]
[Annotator "Speelman,J"]
[PlyCount "53"]
[EventDate "1992.08.??"]
[EventType "swiss"]
[EventRounds "10"]
[EventCountry "ENG"]
[SourceTitle "CBM 033"]
[Source "ChessBase"]
[SourceDate "1993.04.01"]
[SourceVersion "1"]
[SourceVersionDate "1993.04.01"]
[SourceQuality "1"]

1. c4 c6 2. e4 d5 3. exd5 cxd5 4. d4 Nf6 5. Nc3 e6 6. Nf3 Bb4 7. Bd3 dxc4 8.
Bxc4 O-O 9. O-O b6 10. Bg5 Bb7 11. Rc1 $5 Nc6 12. Re1 (12. d5 Na5 13. Ne4 Be7
$1 (13... exd5 $2 14. Bxf6 gxf6 15. Bxd5 $16) (13... Nxc4 $2 14. Rxc4) 14. d6
Bxe4 15. dxe7 Qxe7 16. Ne5 $5) 12... Be7 13. a3 Rc8 14. Ba2 Nd5 15. Bd2 $1 Nxc3
16. Bxc3 Bf6 (16... Nb8 $5 17. d5 $5 (17. Ne5) 17... Bxd5 18. Bxd5 exd5 19. Re5
d4 20. Nxd4 Bf6 21. Re1 $10) 17. d5 exd5 18. Bxd5 Bxc3 (18... Rc7 19. Bxf6 Qxf6
20. Ne5 Rd8 $2 21. Nxc6 Bxc6 22. Qf3 $1 $18) 19. Rxc3 Na5 $2 (19... Rc7 20. Be4
(20. h3 Rd7 21. Rd3 Nb4 $1 $10) (20. Re2 $5 Rd7 21. Rd2 Nd4 22. Bxf7+ $1) 20...
Qxd1 21. Rxd1 Re8 22. Ne5 $5 Rce7 $1 (22... Nxe5 23. Rxc7 Bxe4 24. Re7 $1 Kf8
25. Rxe8+ Kxe8 26. Re1 $18) 23. Bxc6 Bxc6 24. Rxc6 Rxe5 $10) 20. Rxc8 Qxc8 21.
Ne5 Bxd5 (21... Nc6 22. Nxf7 $1 Rxf7 23. Qh5 (23. Qf3 $2 Ne5) 23... g6 (23...
Qd7 24. Qxf7+ Qxf7 25. Re8#) (23... Ne5 24. Qxe5) 24. Bxf7+ Kg7 25. Qh4 Kxf7
26. Qxh7+ Kf6 27. h4 $18) 22. Qxd5 Qb7 (22... Qd8 $5 23. Nd7 Re8 24. Re3 $6 (
24. Rd1 $5) (24. Rxe8+ Qxe8 25. g3) 24... h6 $1 (24... Rxe3 $4 25. Nf6+ Qxf6
26. Qa8+)) 23. Qd6 (23. Qxb7 Nxb7 24. Nc6 a5 25. Re7 (25. Ne7+ Kh8 26. Nd5 b5
27. Re7) 25... Nd6 (25... Nc5)) (23. Qb5 $5 {Levitt}) 23... Re8 24. Re3 f6 $4 (
24... Qe7 25. Qd5 $1 {Threatening 26 Nxf7} (25. Ng6 Qd8) (25. Nc6 Qf8) 25...
Rd8 (25... Qe6 26. Nd7) 26. Nd7 Qf8 27. Qd3 $1 $18) (24... h6 25. b4 (25. h4 f6
$2 (25... Qe7 $1 26. Qd5 Qe6 (26... Rd8)) 26. Ng6 Rxe3 27. Qf8+ Kh7 28. h5 $1
Re1+ 29. Kh2 Qc7+ 30. f4 $18) 25... f6 26. Ng4 (26. bxa5 fxe5 27. Rxe5 Rxe5 28.
Qxe5 bxa5 $10) 26... Rxe3 27. Nxe3 Nc6) 25. Ng6 $1 Ra8 (25... Kf7 26. Nh8+ $1
Rxh8 27. Qe6+ Kg6 (27... Kf8 28. Qe8#) 28. Rg3+ Kh6 29. Qh3#) (25... Qf7 26.
Rxe8+ Qxe8 27. Qd5+ Qf7 28. Qd8+) (25... Rb8 26. Re7 (26. Ne7+ $1) 26... hxg6
27. Rxb7 Rxb7 28. b4) 26. Ne7+ (26. Re7 $4 Qc6 $1 $10) 26... Kh8 27. Qe6 (27.
Qe6 h6 $8 (27... Rd8 28. Ng6+) 28. Rh3 $1 Rd8 29. Rxh6+ gxh6 30. Qxf6+ Kh7 31.
Qg6+ Kh8 32. Qxh6#) 1-0

[Event "Dublin zt"]
[Site "Dublin"]
[Date "1993.??.??"]
[Round "4"]
[White "Speelman, Jonathan S"]
[Black "Kumaran, Dharshan"]
[Result "1-0"]
[WhiteElo "2595"]
[BlackElo "2385"]
[Annotator "Speelman,J"]
[PlyCount "91"]
[EventDate "1993.04.??"]
[EventType "swiss"]
[EventRounds "11"]
[EventCountry "IRL"]
[SourceTitle "CBM 038"]
[Source "ChessBase"]
[SourceDate "1994.02.01"]
[SourceVersion "1"]
[SourceVersionDate "1994.02.01"]
[SourceQuality "1"]

1. e4 c6 2. d4 d5 3. exd5 cxd5 4. c4 Nf6 5. Nc3 e6 6. Nf3 Bb4 7. Bd3 dxc4 8.
Bxc4 O-O 9. O-O b6 10. Bg5 Bb7 11. Re1 Bxc3 12. bxc3 Nbd7 13. Bd3 Qc7 14. Rc1
Rfe8 15. Bh4 Rac8 16. Bg3 Qc6 17. c4 (17. Bf1 Qd5 $5 (17... Ne4) 18. c4 Qa5 $5
(18... Qh5 $5)) 17... Rcd8 18. Bf1 Qc8 19. Bh4 Qa8 $2 (19... Qb8 $1 20. Ne5
Nxe5 21. Rxe5 Qxe5 22. dxe5 Rxd1 23. Rxd1 Ne4 24. f3 Nc5 25. Be7 (25. Bf2 Kf8
$1) 25... Bc6 $1 $8 26. Bxc5 bxc5 27. Rd6 Rc8 28. Kf2 (28. f4 Kf8 29. g3 Ke7
30. Bg2 Bxg2 31. Kxg2 Rb8 32. Ra6 Rb4 $10) 28... Kf8 29. Ke3 Ke7 30. Bd3 $14 h6
(30... f5 $5 31. g4) 31. Be4 (31. g4 $5) 31... Bxe4 32. Kxe4 Rc7 $14 (32... f5+
$5)) 20. Ne5 Nxe5 21. Rxe5 Be4 22. Bxf6 gxf6 23. Qg4+ Bg6 (23... Kf8 24. Qxe4
fxe5 25. Qxe5 $16) 24. Ree1 e5 $5 25. dxe5 fxe5 26. h4 $1 Qc8 27. Qg3 Qf5 28.
c5 bxc5 29. Rxc5 Qf4 $5 (29... f6 30. Rc7 Kh8 31. Qe3) 30. Rcxe5 (30. Qxf4 exf4
31. Rxe8+ Rxe8 32. h5 Bb1 33. Bc4 Re7 $8 34. Rg5+ (34. f3 Kg7) (34. h6 $5 Kf8
$1 $8) 34... Kf8 35. f3) 30... Rxe5 31. Rxe5 Qxg3 (31... Qc1 $5 32. Qe3 (32. h5
Rd1 33. Re8+ Kg7 34. Qe5+ Kh6 $1 (34... f6 35. Re7+ Bf7 (35... Kh6 36. Qxf6
Rxf1+ 37. Kh2 Rh1+ 38. Kg3 Rxh5 39. Qf8+ Kg5 40. f4+) 36. Qe2 $1 $18) 35. hxg6
Rxf1+ 36. Kh2 fxg6 $1 (36... Rh1+ 37. Kg3 fxg6 (37... Rh5 38. gxf7 $1 Rg5+ 39.
Kh2 $18) 38. Re7 (38. f4 Rh5 39. Qf6 Qa3+ 40. Kg4 Rf5 41. Qh4+ Rh5) 38... Qg5+
39. Qxg5+ Kxg5 40. Rxa7 (40. f4+ $5)) 37. Kg3 (37. Re7 Rxf2 $1 (37... Rh1+ 38.
Kg3 Qg5+) 38. Qg7+ Kg5 39. Re5+ Kg4 (39... Rf5 40. Qe7+ Kg4) 40. Qd7+ Rf5 41.
Rxf5 gxf5 42. Qxa7 $10) 37... Qd2 38. Qe3+ Qxe3+ 39. Rxe3 Rd1 40. Ra3 Rd7 41.
Ra6) 32... Rd1 $1 (32... Qxe3 33. Rxe3 $16) 33. Qxc1 (33. Qe2 $5) 33... Rxc1
34. Re3 (34. Rd5 f6 (34... f5 35. f3 Bf7 36. Rd8+ Kg7 37. Rd7 Kf6 38. Kf2 f4
39. Bd3 $1) 35. f3 Bf7 36. Rd8+ Kg7 37. Rd7 Kg8 38. Kf2 Rc2+ 39. Kg3 Rxa2 $4
40. Rxf7) 34... f6 35. f3 Bf7 36. Kf2 Rc2+ $10) 32. fxg3 $16 Bd3 33. Ra5 Bxf1
34. Kxf1 Rd7 35. Ke2 Kg7 36. g4 $1 Rb7 $6 {xRb3+} (36... h6 37. g5 h5 $5 38.
Ra6 Rc7 39. g3 (39. Kd3) 39... Rc3 40. Kf2 Rc2+ 41. Kf3 Rc3+ 42. Kg2 Rc2+ 43.
Kh3 Rc7 44. Rh6 Rc2 45. Rxh5 Rxa2 46. Rh6) (36... Rc7 $1) 37. g5 f6 (37... Kg6
38. Kf3 Kh5 39. Kg3) 38. gxf6+ Kxf6 39. Kf3 Rc7 40. Kg4 Kg7 $2 $138 (40... Rg7+
41. Rg5 $1 Rb7 42. Kh5 $18) (40... Kg6 41. Ra6+ Kg7) 41. Kh5 $1 $18 h6 42. g4
Rb7 43. a4 Rc7 44. Ra6 Rc5+ 45. g5 hxg5 46. Rxa7+ (46. Rxa7+ Kf6 47. Ra6+ Kg7
48. hxg5 $18) 1-0

[Event "World Women-ch k.o."]
[Site "Teheran"]
[Date "2017.02.23"]
[Round "5.1"]
[White "Tan, Zhongyi"]
[Black "Harika, Dronavalli"]
[Result "1-0"]
[WhiteElo "2502"]
[BlackElo "2539"]
[Annotator "Swati Ghate"]
[PlyCount "87"]
[EventDate "2017.02.11"]
[EventType "k.o."]
[EventRounds "7"]
[EventCountry "IRI"]
[SourceTitle "CBM 177"]
[Source "ChessBase"]
[SourceDate "2017.03.16"]
[SourceVersion "1"]
[SourceVersionDate "2017.03.16"]
[SourceQuality "1"]

{The first game of the semi-final match between players from the two Asian
powerhouses in chess. Only one player from India or China will go into the
finals which I think will be a historic moment in the World championship. Tan
Zhongyi looks in good form as she crushed comfortably the talented and second
highest rated player Ju Wenjun in their quarter-final. Harika also won
convincingly with White in her classical game but had to go to rapid games to
cruise into the semi-finals.} 1. d4 e6 2. c4 Nf6 {Harika shows good
preparation going into, various new setups. Normally she employs this mostly
against Nf3 setups.} 3. Nc3 Bb4 4. e3 O-O (4... b6 {is also played here.}) 5.
Bd3 c5 6. Nf3 d5 7. O-O cxd4 8. exd4 dxc4 9. Bxc4 b6 {Both the players are
going for main lines without fearing home preparation. Black tries to play on
the white squares and against the three pawn islands whereas White gets the
two bishops, the centre and activity.} 10. Bg5 Bb7 11. Qe2 Bxc3 12. bxc3 Nbd7
13. Bd3 Qc7 14. Rac1 Ng4 15. Be4 Rfe8 {There aery few games with this move
order.} 16. h3 Bxe4 17. Qxe4 Ngf6 18. Qe2 Rac8 (18... h6 {this looks
interesting immediately asking question to the bishop and making room for the
knight.}) (18... e5 $5 {would have been a very interesting break with the
following lines} 19. dxe5 (19. Bxf6 exd4 20. Be7 d3 21. Qe3 Nf6 22. Rfe1 Nd5
23. Qxd3 Nxe7 $11) 19... Nxe5 20. Bxf6 Ng4 $1 $11) 19. c4 Qb7 {A typical idea:
putting pressure on the light squares and doubling on the c-file, targetting
c4.} (19... h6 {During the game I really thought this was necessary and it
proved fatal afterwards.}) 20. Rfe1 Qa6 (20... h6) 21. Ne5 Nxe5 22. dxe5 Nd7
23. Qg4 Kh8 {I would prefer ...Nf8 first. Still the position is dynamically
equal. White has an attack but at the same time has to cover pawn weaknesses.}
(23... Nf8 24. h4 h5 $1 25. Qe4 (25. Qxh5 Rxc4 26. Qe2 Rxc1 27. Bxc1 Qxe2 28.
Rxe2 Rc8 $15) 25... Ng6 26. Qe2 Rc5 $15) 24. Qh5 Kg8 25. Qg4 Kh8 {A repetition?
} 26. Re4 Qa3 $2 {Gives a free hand to White to build up pressure.} (26... Rc5
27. Qh5 Kg8 28. Qe2 Qa5 29. Re1 f5 $15) 27. Rd1 Nf8 28. h4 Qc3 (28... h6 $5 {
I think this was the last chance to save the game.} 29. Qh5 (29. Bxh6 $2 gxh6
30. Rf4 Qe7 31. Rf6 Nh7 32. Rxh6 Rg8 33. Qe4 Rg7 $17 {and Black saves the day.}
) 29... Nh7 30. Be3 Rc7 31. Red4 Qxa2 32. Rd8 (32. Rd7 Rxd7 33. Rxd7 Rf8 34.
Rxf7 Rxf7 35. Qxf7 Qa1+ 36. Kh2 Qxe5+ 37. g3 Nf6 $17) 32... Qa4 $11) 29. h5 h6
30. Bh4 Rc7 31. Red4 Qc2 32. R1d3 Rc5 (32... Rec8 33. Kh2 $1 {Prophylactic
move.} (33. Bf6 $2 gxf6 34. Rg3 (34. exf6 Qc1+ 35. Kh2 Qg5 $19) 34... Qb1+ 35.
Kh2 Qh7 $17) 33... Rxc4 34. Bf6 $1 gxf6 (34... Ng6 35. Rd8+ Rxd8 36. Rxd8+ Kh7
37. hxg6+ fxg6 38. Qxe6 $18) 35. exf6 $18) 33. Rg3 Qh7 {[#]} 34. Rf4 $6 (34.
Qf4 $1 {White missed a chance for a tactical finish. For me this looks clearly
winning.} Qb1+ (34... Rc7 35. Bf6 (35. Bd8 Rb7 36. Bf6 $18)) (34... Qf5 35. Bf6
$16) 35. Kh2 Qf5 36. Bf6 Qxh5+ (36... Qxf4 37. Bxg7+ Kh7 38. Rxf4 Rc7 (38... f5
39. Rd4 Rc7 40. Bxf8 Rxf8 41. Rg6 Re7 42. Rd6 Rfe8 43. g3 $18) 39. Rf6 $18) 37.
Rh3 Ng6 38. Qg3 Qf5 39. Rxh6+ Kg8 40. Rdh4 $3 gxh6 41. Rxh6 Qxf6 42. exf6 $18 {
A beautiful variation.}) 34... Rc7 35. Qf3 Nd7 36. Qe2 Rf8 (36... Rec8 37. Rxf7
Rxc4 38. Rxd7 Rxh4 39. Qd1 Rhc4 40. Rgxg7 Qxg7 41. Rxg7 Rc1 42. Rd7 Kg8 43. g3
b5 44. Rd8+ Kf7 45. Rxc8 Rxd1+ 46. Kg2 {is the best chance for Black. A pretty
difficult choice to make on the board during knock out games!}) (36... Nf8 37.
Rfg4 $16) 37. Be7 Rg8 38. Bd6 Rcc8 39. Rxf7 Qb1+ 40. Kh2 Nc5 41. Qe3 Qh7 42.
Rg6 a5 43. Be7 Rc7 44. Rxh6 {White played really well and deserved to win in
this game but as we all know, Harika is well known for her fighting spirit and
willpower. Let us keep our fingers crossed and wish to see her in the
tie-break games. All the best Harika!!} 1-0

[Event "ISR-chT"]
[Site "Israel"]
[Date "1999.03.26"]
[Round "7"]
[White "Zifroni, Dov"]
[Black "Tsesarsky, Ilya"]
[Result "0-1"]
[WhiteElo "2501"]
[BlackElo "2430"]
[Annotator "Tsesarsky,I"]
[PlyCount "56"]
[EventDate "1999.01.??"]
[EventType "team"]
[EventRounds "11"]
[EventCountry "ISR"]
[SourceTitle "CBM 070"]
[Source "ChessBase"]
[SourceDate "1999.06.08"]
[SourceVersion "1"]
[SourceVersionDate "1999.06.08"]
[SourceQuality "1"]

{[%mdl 8200]} 1. d4 Nf6 2. c4 e6 3. Nc3 Bb4 4. e3 c5 5. Bd3 d5 6. Nf3 O-O 7.
O-O cxd4 8. exd4 dxc4 9. Bxc4 b6 10. Bg5 Bb7 11. Re1 Nbd7 12. Rc1 Rc8 13. Bd3
Rc7 $1 {[%csl Gd5][%cal Gd8a8,Gf8e8,Gf8c8,Rb7f3] This strong novelty played
first in my game against Yacov Zilberman in 1995.} (13... Be7 14. Qe2 (14. Bb1
Re8 (14... Nd5 15. Nxd5 Bxg5 16. Rxc8 Bxc8 17. Nxg5 Qxg5 18. Qc2 g6 19. Ne3 Nf6
20. Qc7 Qa5 21. Rc1 Nd5 22. Nxd5 Qxd5 23. Qe5 (23. Qxa7 Bb7 24. f3 Qxd4+ 25.
Kh1 Qxb2 $17) 23... Bb7 24. Qxd5 Bxd5 25. Rc7 a5 $11) 15. a3 Nd5 16. Bd2 Nxc3
17. Rxc3 Rxc3 18. Bxc3 Nf6 $15 {1/2-1/2 Hansen Lars Bo-Kalinichev Sergey L/BL 
(2nd) North 1996 (27)}) 14... Nd5 (14... h6 15. Bd2 Nd5 16. Bb1 Nxc3 17. bxc3
Nf6 18. Ne5 Qd5 19. f3 Bd6 $132 {1-0 Rozentalis,E-Taylor,G/Montreal ,EXT 1995 
(30)}) (14... Re8 15. Ba6 (15. Bh4 Nd5 16. Bg3 Bb4 17. Qd2 N7f6 18. Ne5 {
1/2-1/2 Baragar,F-Taylor,G/Ottawa ch-CAN 1984 (18)}) 15... Bxa6 16. Qxa6 Bb4
17. Qxa7 Bxc3 18. Rxc3 Rxc3 (18... Ra8 19. Qb7 Rxa2 20. Rc7 Rf8 (20... Qa8 21.
Rxd7 Nxd7 22. Qxd7 h6 (22... Rxb2 23. d5 Qc8 24. dxe6 fxe6 25. Qxc8 Rxc8 26.
Rxe6 b5 (26... Rb1+ 27. Ne1 b5 28. h4 b4 29. Kh2 b3 30. Nd3 h6 (30... Rd1 31.
Nb2 Rb1 32. Re2 Rc2 33. Rxc2 bxc2 34. Nd3 Kf7 35. Nc1 Ke6 36. Kg3 Kd5 37. Kf3
Kd4 38. Ke2 Kc3 39. Bd2+ Kb2 40. Nd3+ Kb3 41. g4 $16) 31. Be3 b2 32. Rb6 Rc2
$16) 27. h4 $16) 23. Bc1 $16) 21. Ne5 (21. Bxf6 Nxf6 22. Ne5 Qxd4 23. Rxf7 Qxe5
$1 $19) 21... Nxe5 22. dxe5 Qd5 23. exf6 Qxg5 24. Rxf7 gxf6 25. Rxh7 $18) 19.
bxc3 Qa8 20. Qxa8 Rxa8 21. Bxf6 Nxf6 22. Re2 Rc8 23. Rc2 Nd5 $44 {1/2-1/2
Pieniazek,A-Shipov,S/Katowice 1993 (29)}) 15. Qe4 (15. Nxd5 Bxg5 16. Rxc8 Bxc8
17. Nb4 Bb7 18. Be4 Be7 $1 (18... Bxe4 19. Qxe4 Bf6 $11) 19. Bxb7 Bxb4 20. Rc1
Bd6 $11 {1/2-1/2 Timman,J-Polugaevsky,L/Moscow ,MCL 1981/ (39)}) 15... g6 16.
Qh4 Bxg5 17. Nxg5 N7f6 18. Qh6 {1/2-1/2 Gligoric,S-Polugaevsky,L/Plovdiv 1983/
Inf 35 (18)}) (13... Bxc3 14. bxc3 Qc7 15. Bh4 Qf4 16. Bg3 Qg4 17. Be2 Qf5 18.
Qa4 $14) (13... Re8 14. Qe2 Bxc3 15. bxc3 Qc7 16. Bh4 Nh5 17. Qe3 Ndf6 18. Bg3
Nxg3 $15) (13... a6 14. Ne5 Be7 15. Bb1 b5 16. a3 Re8 17. Qd3 Nf8 18. Rcd1 Nd5
19. Bxe7 Qxe7 20. Ne4 Red8 21. Qg3 $132 {1-0 Dolmatov,S-Pedersen,E/Groningen
1978 (40)}) 14. Bf4 {This move is quite good.} Rc8 {R turn back, but Bg5 moves
to f4.} 15. a3 (15. Bg5 Rc7 {1/2-1/2 Zilberman,Y-Tsesarsky,I/Rishon-le-Zion
active chess tournament 1995 (15)}) 15... Be7 (15... Nd5 $2 16. Nxd5 Bxe1 17.
Rxc8 Bxc8 18. Bc7 Qe8 19. Ne3 Bxf2+ 20. Kxf2 $16) (15... Bxc3 {Goog
opportunity, but I didn't want to play complicated tactical position} 16. bxc3
Qe7 17. a4 Nd5 18. Bd2 Qa3 19. Ng5 h6 20. Ne4 Rfd8 (20... f5 21. Bb5 Rfd8 22.
Ng3 Nxc3 23. Rxc3 Rxc3 24. Bxc3 Qxc3 25. Rxe6 Nf8 26. Qe1 Qxd4 (26... Qxe1+ 27.
Rxe1 Rxd4 28. Nxf5 $11) 27. Re7 $44) 21. Ra1 Qf8 22. a5 $132) 16. Qe2 Nd5 (
16... Nb8 {[%csl Rd4][%cal Gb7f3]} 17. Be5 Nc6 $11) 17. Nxd5 Bxd5 18. Rxc8 Qxc8
19. Rc1 Qd8 20. Ba6 $6 (20. h3 $142 Nf6 (20... h6 $132) 21. Rc7 Bd6 22. Bxd6
Qxd6 23. Qe5 Qd8 24. Rxa7 Bxf3 25. gxf3 Qc8 (25... Nd5 26. Be4 $14) 26. Rc7 Qa8
27. Be4 Qa4 28. Bc2 Qa8 $44) 20... Nf6 21. Be5 (21. Rc7 Bxf3 22. Qxf3 Nd5 23.
Rxa7 Nxf4 24. Qxf4 Bd6 25. Qe4 Bxh2+ $1 $11) 21... Bd6 22. Bxd6 Qxd6 23. Qe5
Qd8 (23... Qd7 24. Qc7 Bxf3 25. Qxd7 Nxd7 26. gxf3 Nf6 27. Rc7 Ra8 $15) 24. Rc8
Qd7 25. Rc7 $2 $17 (25. Rxf8+ $5 Kxf8 26. Qb8+ Ne8 (26... Qe8 27. Qd6+ Qe7 (
27... Kg8 28. Ne5 Ne4 29. Qc7 f6 30. Nd3 $14) 28. Qb8+ $11) 27. Ne5 Qc7 28.
Qxc7 Nxc7 29. Bd3 f6 30. Nc4 Ke7 31. Ne3 h6 $15) 25... Qa4 26. Bb7 $4 $19 (26.
Be2 Qb3 (26... Bxf3 27. Bxf3 Nd5 28. Rc1 Qb3 29. Qe2 (29. Bxd5 Qxb2 30. Rd1
exd5 31. Qxd5 Qxa3 $17) 29... Rd8 $15) 27. Rxa7 Qxb2 28. Qe3 Bxf3 29. Qxf3 Qxd4
$17) 26... Qd1+ 27. Ne1 Ne4 (27... Ng4 $19) 28. Kf1 Bc4+ (28... Nd2+ 29. Kg1
Be4 $19) 0-1